[Event "ECU-ch U20"]
[Site "Guayaquil"]
[Date "2020.02.21"]
[Round "5"]
[White "Echeverria Bravo, Juan Sebastian"]
[Black "Ortiz Salazar, Enrique"]
[Result "1/2-1/2"]
[WhiteElo "1625"]
[BlackElo "1390"]
[PlyCount "33"]
[EventDate "2020.02.19"]
[EventType "swiss"]
[EventRounds "9"]
[EventCountry "ECU"]
[SourceTitle "CBM 195 Extra"]
[Source "ChessBase"]
[SourceDate "2020.05.31"]
[SourceVersion "1"]
[SourceVersionDate "2020.05.31"]
[SourceQuality "1"]

1. e4 c5 2. f4 Nc6 3. Nf3 g6 4. g3 Bg7 5. Bg2 d6 6. d3 Nf6 7. 0-0 0-0 8. h3 Bd7 9. Kh2 Rc8 10. Re1 Qc7 11. c3 e6 12. Be3 Rfd8 13. e5 dxe5 14. fxe5 Nxe5 15. Nxe5 Qxe5 16. Bf4 Qh5 17. Bf3 1/2-1/2